00570 a2200169 4500003000400000005001700004008004100021020001800062040000900080082001900089245005400108260003900162300000900201942004400210952012900254999001700383OSt20231220124028.0231220b |||||||| |||| 00| 0 eng d a9789352292769 coclc a891.431bGUP/K aKALAM KO TEER HONE DO /cedited by Ramanika Gupta aNew Delhi:bVani Prakashan,c2015. a301p 2ddccBKh891.431iGUP/Kk891.431mGUP/K 00102ddc40708POEaMESbMEScHINd2023-12-20l0o891.431 GUP/Kp43143r2023-12-20 12:40:14v595.00w2023-12-20yBKzGR6R5 c43509d43509